Els Arxius dels museus : el cas del Museu Marítim de Barcelona = Los archivos de los museos : el caso del Museu Marítim de Barcelona / el cas del Museu Marítim de Barcelona = Los archivos de los museos : el caso del Museu Marítim de Barcelona /
Descripción Física:
58, 58 pàgines : gràfics, quadres ; 30 cm
Colección:
Manuals (Museu Marítim (Barcelona, Catalunya))
; 3
Otros Autores:
Solà i Gasset, Fina
Idioma:
Catalán
MARC
| LEADER | 00000nam a2200000Ia 4500 | ||
|---|---|---|---|
| 001 | 15810 | ||
| 003 | Arxiu | ||
| 005 | 20260324181046.0 | ||
| 008 | 160829s2003 spc xx cat c | ||
| 080 | |a A-2-200 | ||
| 110 | |9 10020 |a Museu Marítim (Barcelona, Catalunya) | ||
| 245 | 1 | 4 | |a Els Arxius dels museus : |b el cas del Museu Marítim de Barcelona = Los archivos de los museos : el caso del Museu Marítim de Barcelona / |c [redacció: Fina Solà i Gasset] |
| 260 | |a [Barcelona : |b Museu Marítim de Barcelona], |c 2003 | ||
| 300 | |a 58, 58 pàgines : |b gràfics, quadres ; |c 30 cm | ||
| 490 | 1 | |a Manuals (Museu Marítim (Barcelona)) ; |v 3 | |
| 590 | |a Text paral·lel capiculat en català i castellà | ||
| 650 | |a Museu Marítim (Barcelona) |x Arxius |9 37258 | ||
| 650 | |a Arxius |x Organització |9 31950 | ||
| 700 | |a Solà i Gasset, Fina |9 45008 |e autora | ||
| 830 | 0 | |9 56146 |a Manuals (Museu Marítim (Barcelona, Catalunya)) |v 3 | |
| 901 | |a Arxiu | ||
| 942 | |n 1 |2 udc |c ARXIU | ||
| 952 | |0 0 |1 0 |4 0 |6 A2200 |7 1 |9 47773 |a Arxiu |b Arxiu |d 2016-12-01 |l 0 |o A-2-200 |p 15810 |r 2016-12-01 00:00:00 |w 2016-12-01 |y ARXIU | ||
| 952 | |0 0 |1 0 |4 0 |6 PDL |7 1 |9 63831 |a Arxiu |b Arxiu |d 2022-09-07 |l 0 |o PDL |p 26741 |r 2022-09-07 00:00:00 |w 2022-09-07 |y ARXIU | ||
| 999 | |c 51572 |d 51572 | ||